Perception of Qualitative Competitiveness in the International Context

Gespeichert in:
Bibliographische Detailangaben
1. Verfasser: Štofová, Lenka, 1989-
Format: Buchkapitel
Sprache:Englisch
Schlagworte:
Tags: Tag hinzufügen
Keine Tags, Fügen Sie das erste Tag hinzu!

MARC

LEADER 00000nla a2200000 4500
001 0240624
005 20240502073920.7
041 0 |a eng 
044 |a SK 
245 1 0 |a Perception of Qualitative Competitiveness in the International Context  |c Lenka Štofová 
500 |a Abstrakt 
610 2 0 |a konkurencieschopnosť 
610 2 0 |a ukazovatele kvalitatívne 
610 2 0 |a porovnanie štatistické medzinárodné 
100 1 |a Štofová, Lenka, 1989-